Statistiques concernant Personnages récurrents d'Agatha Christie

Cliquez ici pour prendre le quiz!

Statistiques générales

  • Ce quiz a été pris 70 fois
  • Le résultat moyen est 4 sur 13

Statistiques - réponses

RomansNouvellesDétectivesApparition% Correct
3351Hercule PoirotLe Crime de l'Orient-Express
98%
1220Jane MarpleL'Affaire Protheroe
73%
823Arthur HastingsLe Crime du golf
48%
710Inspecteur JappLa Mort dans les nuages
33%
71Ariadne OliverLe Cheval pâle
32%
415Tommy BeresfordLe Cheval à bascule
27%
415Tuppence BeresfordLe Cheval à bascule
27%
46Felicity LemonPension Vanilos
23%
014Harley QuinnLe Service à thé Arlequin
18%
014Parker PyneL'Intrigante de Pollensa
17%
40Colonel RaceMeurtre au champagne
10%
50Superintendant BattleL'Heure zéro
10%
115Mr SatterthwaiteDrame en trois actes
8%

Distribution des résultats

Percentile par nombre de réponses

% des personnes avec chaque résultat

Votre développement - résultats

Vous n’avez pas pris ce quiz